| 000 | 00577nam a2200181 a 4500 | ||
|---|---|---|---|
| 005 | 20140412111415.0 | ||
| 008 | 070706s19uu xx 00 eng d | ||
| 020 | _a0-7668-2792-5 | ||
| 050 |
_aTR(GS 372.86 _bP58 2000 |
||
| 100 | _aPica, Rae | ||
| 245 |
_aMoving and learning series / : _bPreschoolers and Kindergartners / _cRae Pica. |
||
| 260 |
_aU.S.A : _bDelmar Thomson learning, _c2000. |
||
| 300 | _a152 | ||
| 500 | _aIncludes bibliographical references. ages 4-6 years | ||
| 650 | _aMovement Education | ||
| 650 | _aPre-School children-Recreation | ||
| 999 |
_c105795 _d105795 |
||